[Event "Arrecife de Lanzarote op"]
[Site "Arrecife de Lanzarote"]
[Date "2017.06.14"]
[Round "6"]
[White "Castaner Harster, Xavier"]
[Black "Robaina Bordon, Hector"]
[Result "0-1"]
[WhiteElo "2174"]
[BlackElo "1799"]
[PlyCount "73"]
[EventDate "2017.06.11"]
[EventType "swiss"]
[EventRounds "9"]
[EventCountry "ESP"]
[SourceTitle "EXT 2018"]
[Source "ChessBase"]
[SourceDate "2017.10.13"]
[SourceVersion "1"]
[SourceVersionDate "2017.10.13"]
[SourceQuality "1"]

1. e4 c6 2. d4 d5 3. Nc3 dxe4 4. Nxe4 Bf5 5. Ng3 Bg6 6. h4 h6 7. Nf3 Nd7 8. h5 Bh7 9. Bd3 Bxd3 10. Qxd3 e6 11. Bd2 Ngf6 12. 0-0-0 Be7 13. Ne4 Nxe4 14. Qxe4 Nf6 15. Qe2 Qd5 16. c4 Qe4 17. Be3 0-0 18. Ne5 Rac8 19. f3 Qh7 20. g4 Nd5 21. Bd2 Nb4 22. Bxb4 Bxb4 23. a3 Be7 24. f4 Rc7 25. Qe3 Rd8 26. g5 hxg5 27. h6 gxf4 28. Qxf4 g5 29. Rhg1 f6 30. Nf3 Rdd7 31. Qe3 e5 32. Nxg5 fxg5 33. Rxg5+ Bxg5 34. Qxg5+ Kf8 35. Rf1+ Ke8 36. Qh5+ Rf7 37. Qxe5+ 0-1

[Event "Arrecife de Lanzarote op"]
[Site "Arrecife de Lanzarote"]
[Date "2017.06.13"]
[Round "5"]
[White "Brito Garcia, Alfredo"]
[Black "Castaner Harster, Xavier"]
[Result "1-0"]
[WhiteElo "2341"]
[BlackElo "2174"]
[PlyCount "28"]
[EventDate "2017.06.11"]
[EventType "swiss"]
[EventRounds "9"]
[EventCountry "ESP"]
[SourceTitle "EXT 2018"]
[Source "ChessBase"]
[SourceDate "2017.10.13"]
[SourceVersion "1"]
[SourceVersionDate "2017.10.13"]
[SourceQuality "1"]

1. d4 Nf6 2. c4 e6 3. Nf3 b6 4. g3 Ba6 5. Qc2 Bb7 6. Bg2 c5 7. d5 exd5 8. cxd5 Nxd5 9. 0-0 Nc7 10. Rd1 Be7 11. Nc3 Nc6 12. Qf5 Ne6 13. Ne5 Nxe5 14. Bxb7 Rb8 1-0

[Event "Tenerife-chT Preferente 1617"]
[Site "Tenerife"]
[Date "2017.03.18"]
[Round "9.3"]
[White "Almenares Garcia, Mario Adrian"]
[Black "Castaner Harster, Xavier"]
[Result "1/2-1/2"]
[WhiteElo "2077"]
[BlackElo "2149"]
[PlyCount "40"]
[EventDate "2016.12.10"]
[EventType "team-tourn"]
[EventRounds "14"]
[EventCountry "ESP"]
[SourceTitle "EXT 2018"]
[Source "ChessBase"]
[SourceDate "2017.10.13"]
[SourceVersion "1"]
[SourceVersionDate "2017.10.13"]
[SourceQuality "1"]
[WhiteTeam "El Sauzal"]
[BlackTeam "Rey Ahogado"]
[WhiteTeamCountry "ESP"]
[BlackTeamCountry "ESP"]

1. e4 e5 2. Nf3 Nc6 3. Bc4 Nf6 4. Qe2 Bc5 5. c3 d6 6. h3 0-0 7. 0-0 Bb6 8. d3 Ne7 9. Na3 Ng6 10. Bb3 Nh5 11. Bg5 Qe8 12. Qd2 Kh8 13. Nc4 f5 14. Nxb6 axb6 15. exf5 Rxf5 16. Nh4 Rf8 17. Nxg6+ Qxg6 18. Kh2 Nf4 19. Bxf4 exf4 20. f3 Ra5 1/2-1/2

[Event "Tenerife-chT Preferente 1617"]
[Site "Tenerife"]
[Date "2016.12.17"]
[Round "2.1"]
[White "Castaner Harster, Xavier"]
[Black "Kosov, Alexey"]
[Result "1-0"]
[WhiteElo "2149"]
[BlackElo "2176"]
[PlyCount "40"]
[EventDate "2016.12.10"]
[EventType "team-tourn"]
[EventRounds "14"]
[EventCountry "ESP"]
[SourceTitle "CBM 176 Extra"]
[Source "ChessBase"]
[SourceDate "2017.03.02"]
[SourceVersion "1"]
[SourceVersionDate "2017.03.02"]
[SourceQuality "1"]
[WhiteTeam "Rey Ahogado"]
[BlackTeam "El Sauzal"]
[WhiteTeamCountry "ESP"]
[BlackTeamCountry "ESP"]

1. e4 c5 2. Nf3 d6 3. d4 cxd4 4. Nxd4 Nf6 5. Nc3 Nc6 6. Bg5 h6 7. Bxf6 gxf6 8. Qd2 h5 9. f4 h4 10. Bc4 Qb6 11. Nb3 Be6 12. Bxe6 fxe6 13. f5 e5 14. Nd5 Qd8 15. Rd1 Bh6 16. Qe2 Bg5 17. 0-0 Kf7 18. c3 Re8 19. Nd2 Bxd2 20. Rxd2 Rg8 1-0